Japan : Economic and Policy Developments.

This paper provides a brief overview of the causes of the poor economic performance of Japan in the 1990s, and a more detailed analysis of developments in the real sector during 1999. The paper highlights that the collapse of the asset price bubble in 1990-91 provided the trigger for the downturn in...

Celý popis

Podrobná bibliografie
Korporativní autor: International Monetary Fund
Médium: Časopis
Jazyk:English
Vydáno: Washington, D.C. : International Monetary Fund, 1999.
Edice:IMF Staff Country Reports; Country Report ; No. 1999/114
On-line přístup:Full text available on IMF
LEADER 01524cas a2200241 a 4500
001 AALejournalIMF001002
008 230101c9999 xx r poo 0 0eng d
020 |c 5.00 USD 
020 |z 9781451820584 
022 |a 1934-7685 
040 |a BD-DhAAL  |c BD-DhAAL 
110 2 |a International Monetary Fund. 
245 1 0 |a Japan :   |b Economic and Policy Developments. 
264 1 |a Washington, D.C. :  |b International Monetary Fund,  |c 1999. 
300 |a 1 online resource (109 pages) 
490 1 |a IMF Staff Country Reports 
500 |a <strong>Off-Campus Access:</strong> No User ID or Password Required 
500 |a <strong>On-Campus Access:</strong> No User ID or Password Required 
506 |a Electronic access restricted to authorized BRAC University faculty, staff and students 
520 3 |a This paper provides a brief overview of the causes of the poor economic performance of Japan in the 1990s, and a more detailed analysis of developments in the real sector during 1999. The paper highlights that the collapse of the asset price bubble in 1990-91 provided the trigger for the downturn in 1992, and compounded the economic problems thereafter through its effects on the banking system. This paper also analyzes the fiscal policy developments and the monetary developments in Japan. 
538 |a Mode of access: Internet 
830 0 |a IMF Staff Country Reports; Country Report ;  |v No. 1999/114 
856 4 0 |z Full text available on IMF  |u http://elibrary.imf.org/view/journals/002/1999/114/002.1999.issue-114-en.xml  |z IMF e-Library